| 000 | 01273nam a2200337 c 4500 | ||
|---|---|---|---|
| 003 | BLK | ||
| 005 | 20231110110312.0 | ||
| 008 | 180412b bul|||||r ||||||| ||bul|| | ||
| 010 | _aKNG00011449000 | ||
| 020 |
_a954-8061-39-2 _bиздат.: Светулка-44 |
||
| 040 | _aBLK | ||
| 041 |
_aBUL _cBUL |
||
| 080 |
_aАмериканска литература (на САЩ) _b821.111(73) _x-93-31 _z821.111(73)-93-31 |
||
| 100 | 1 |
_aЗак, Шерил _eпърви автор _9255051 |
|
| 700 | 1 |
_aАнастасов, Георги _eпрев. _9364356 |
|
| 139 |
_aЗак, Шерил _bЗ 26 |
||
| 245 | 1 | 0 |
_aТърся Лейси _b[Роман за юноши] _cШерил Зак; прев. Георги Анастасов. |
| 257 | _aUSA | ||
| 260 |
_аСофия _bСветулка-44 _c1996 _fПловдив : Полиграфия |
||
| 300 |
_a143 с. _c20 см |
||
| 380 | _aX | ||
| 490 | 1 |
_aПоредица Промени _v2 |
|
| 500 | _aОриг. загл. Looking Out for Lacey / Cheryl Zach. - 3 100 тир. | ||
| 653 | _aромани | ||
| 852 | _aЦб 188081 | ||
| 856 | 4 |
_qpdf _u |
|
| 856 | 4 |
_qpdf _u |
|
| 942 |
_cKNG _n0 _01 |
||
| 944 |
_aCR _c15.01.2003 _lМинев Младен _k30530 |
||
| 944 |
_aED _c01.09.2016 _lф / _kЛюдмила_Стоянова |
||
| 999 |
_c10002 _d10002 |
||